Basic gynecology and obstetrics

Uloženo v:
Podrobná bibliografie
Médium: Kniha
Jazyk:Undetermined
Vydáno: Norwalk, CT Appleton & Lange 1993
Témata:
Tagy: Přidat tag
Žádné tagy, Buďte první, kdo otaguje tento záznam!
Thư viện lưu trữ: Trung tâm Học liệu Trường Đại học Cần Thơ
LEADER 00509nam a2200181Ia 4500
001 CTU_61367
008 210402s9999 xx 000 0 und d
020 |b 150000 
082 |a 618.1 
082 |b B311 
245 0 |a Basic gynecology and obstetrics 
245 0 |c Edited by Norman F. Gant and F. Gay Cunningham 
260 |a Norwalk, CT 
260 |b Appleton & Lange 
260 |c 1993 
650 |a Gynecology,Obstetrics 
904 |i Minh, Năm 
980 |a Trung tâm Học liệu Trường Đại học Cần Thơ